UM Logo

Deformation theory of scalar-flat Kahler ALE surfaces / (Record no. 20509)

MARC details
000 -LEADER
fixed length control field 00904nam a22002297a 4500
003 - CONTROL NUMBER IDENTIFIER
control field OSt
005 - DATE AND TIME OF LATEST TRANSACTION
control field 20250910112222.0
008 - FIXED-LENGTH DATA ELEMENTS--GENERAL INFORMATION
fixed length control field 240815b ||||| |||| 00| 0 eng d
040 ## - CATALOGING SOURCE
Transcribing agency 0
082 ## - DEWEY DECIMAL CLASSIFICATION NUMBER
Classification number DPer 510.5 Am351 October-December 2019 v. 141 n. 5-6
100 ## - MAIN ENTRY--PERSONAL NAME
Personal name Han, Jiyuan.
Relator term author.
9 (RLIN) 57928
245 ## - TITLE STATEMENT
Title Deformation theory of scalar-flat Kahler ALE surfaces /
Statement of responsibility, etc. Jiyuan Han and Jeff A. Viaclovsky.
260 ## - PUBLICATION, DISTRIBUTION, ETC. (IMPRINT)
Place of publication, distribution, etc. Baltimore, Maryland U.S. ;
Name of publisher, distributor, etc. Johns Hopkins University Press ,
Date of publication, distribution, etc. December 2019.
300 ## - PHYSICAL DESCRIPTION
Extent Volume 141, pages 1547-1589 :
Other physical details illustration ;
Dimensions 26 cm.
500 ## - GENERAL NOTE
General note American Journals of Mathematics, vol. 141, no. 6, pages 1547-1589, December 2019.
650 ## - SUBJECT ADDED ENTRY--TOPICAL TERM
Topical term or geographic name as entry element Mathematics.
9 (RLIN) 60513
650 ## - SUBJECT ADDED ENTRY--TOPICAL TERM
Topical term or geographic name as entry element Metric system.
9 (RLIN) 47732
650 ## - SUBJECT ADDED ENTRY--TOPICAL TERM
Topical term or geographic name as entry element Mathematical analysis.
9 (RLIN) 15001
700 ## - ADDED ENTRY--PERSONAL NAME
Personal name Han, Jiyuan.
Relator term author.
9 (RLIN) 57929
700 ## - ADDED ENTRY--PERSONAL NAME
Personal name Viaclovsky, Jeff A.
Relator term author.
9 (RLIN) 57930
942 ## - ADDED ENTRY ELEMENTS (KOHA)
Source of classification or shelving scheme Dewey Decimal Classification
Koha item type Periodicals
Holdings
Withdrawn status Lost status Source of classification or shelving scheme Damaged status Not for loan Collection code Home library Current library Date acquired Total Checkouts Full call number Date last seen Price effective from Koha item type Public note
    Dewey Decimal Classification     Periodicals UM Digos College - LIC UM Digos College - LIC 08/15/2024   DPer 510.5 Am351 October-December 2019 v. 141 n. 5-6 08/15/2024 08/15/2024 Periodicals Periodical Article